| 000 | 00339nam a22001217a 4500 | ||
|---|---|---|---|
| 020 | _a0321228774 | ||
| 082 |
_222 _a005.133 |
||
| 100 | _aWilson, Matthew. | ||
| 245 |
_aImperfect C++ : _bpractical solutions for real life programming / |
||
| 260 |
_aUSA, _bAddison Wesley, _cc2005. |
||
| 300 |
_axxxvi, 588p. ; _bill. ; _c23 cm. |
||
| 942 |
_2ddc _cIT |
||
| 999 |
_c1457 _d1457 |
||